000 00961nam a2200265 a 4500
001 000026176
003 DO-SdBNP
005 20150506114825.0
007 000026176
008 110303s1980 dr 000 0 spa d
040 _aBPMET
_bspa
_cBPMET
110 2 _aRepública Dominicana
_bSecretaría de Estado de Finanzas
_bInstituto de Capacitación Tributaria
245 1 0 _aImpuestos sobre la renta :
_bteoría y técnica del impuesto /
_cRoque García Mullín.
260 _aSanto Domingo :
_bEditorial Alfa y Omega,
_c1980.
300 _a225 p. ;
_c22 cm.
490 1 _aManual de finanzas Públicas
_vno.5
504 _aBibliografía : p. 223 -225
700 1 _aGarcía Mullín, Roque
830 0 _aManual de finanzas Públicas
_vno. 5
930 1 _lBND01
_mLF1
_820150210
_f04
_pHD
_g46972
942 _2ddc
_cBK
956 _aYPOLANCO
_b10
_c20110303
_lBND01
_h1620
956 _aVMATEO
_b10
_c20110427
_lBND01
_h1452
956 _aVMATEO
_b10
_c20150506
_lBMET02
_h00151
999 _c7801
_d7801